Statistics for Spanish Names of European Cities

Click here to take the quiz!

General Stats

  • This quiz has been taken 64 times
  • The average score is 13 of 20

Answer Stats

Spanish NameEnglish Name% Correct
NápolesNaples
97%
LondresLondon
95%
MoscúMoscow
94%
EstambulIstanbul
92%
NizaNice
89%
CracoviaKrakow
87%
VarsoviaWarsaw
79%
MastriqueMaastricht
76%
La HayaThe Hague
71%
BrujasBruges
69%
GinebraGeneva
66%
EstocolmoStockholm
66%
BurdeosBordeaux
61%
SalónicaThessaloniki
50%
AmberesAntwerp
40%
LeópolisLviv
37%
EstucardiaStuttgart
37%
BreslaviaWroclaw
37%
AquisgránAachen
32%
LeuvardaLeeuwarden
21%

Score Distribution

Percentile by Number Answered

Percent of People with Each Score

Your Score History

You have not taken this quiz